000 00450nam a2200181 i 4500
001 bgj
100 1 _aFONTANE, Theodor.
245 1 0 _aIrrungen, Wirrungen /
_cTheodor Fontane.
260 _aBerlin :
_bAlfred Kantorowicz Verlag,
_c1949.
300 _a232 s. ;
_c19 cm.
650 9 _aPowieść niemiecka
040 _cBPK
041 0 _ager
044 _aDEU
080 _a821.112.2-3
942 _cKS
008 s gw f |000 0 ger
999 _c50531
_d50531
856 _uhttp://koha.tu.koszalin.pl/cgi-bin/koha/opac-detail.pl?biblionumber=50531
_yKatalog online BPK